000 00982nam a2200289Ia 4500
001 B7000
003 IT-RoPAU
008 130308s9999 xx 000 0 und d
040 _aIT-RoPAU
040 _cIT-RoPAU
041 _aFRANCESE
100 _aBoudon Pierre
100 _gCodice Aut. SPICS: 11833
245 _aArchitecture des annees 30 (L') ou l'inversion des signes
245 _bMasses et Culture de masse Dans Les Annees Trente
250 _a1a ed.
260 _aPARIS
260 _bOuvrieres
260 _c1991 [1° Ed.:1991 - Ed.Ling.Originale:1991]
300 _a"26 p. (prefazione: no ; testo: 26 [pagine: 137-162])"
500 _aArchitettura degli Anni 30 o L'Inversione dei Segni. vie della Monumentalità. Metropolis: Urbanesimo e Suburbanesimo. scacco Alla Modernita': Casi Tedesco, Italiano e Sovietico.
650 _aPOLITICA DELLA COMUNICAZIONE SOCIALE
650 _eCodice materia Spics: 3803
942 _cBK
957 _71
999 _c79671
_d79671
999 _g1